00290nam a2200121Ia 4500008004100000041000900041082001700050100001900067245002500086260004100111300000800152650000800160230718s9999 xx 000 0 und d aEng. a843.7bASH-Z aAshraf A.B Dr. 0aZooq a Dasht Nowardi aPakistanbJamhori Publicationsc2016 a225 aLaw